000
00312nam a22001337a 4500
999
_c
12037
_d
12037
020
_a
0-7868-6861-9
082
_a
365.45
100
_a
Malika Oufkir
245
_a
Stolen Twenty Years in desert jail lives
260
_a
New York
_b
Hyperion
_c
1999
300
_a
293
650
_a
English Fiction
942
_c
BK